La difusión de tecnología de punta en la Argentina:El caso de las maquinas herramientas con control numérico, el CAD/CAM y los robots (Registro nro. 16421)

Detalles MARC
000 -LEADER
fixed length control field 00429 a2200109 4500
001 - CONTROL NUMBER
control field ART_3473
005 - DATE AND TIME OF LATEST TRANSACTION
control field 20260410161715.0
008 - FIXED-LENGTH DATA ELEMENTS--GENERAL INFORMATION
fixed length control field 260409a
100 1# - MAIN ENTRY--PERSONAL NAME
Personal name Chudnovsky, Daniel
245 10 - TITLE STATEMENT
Title La difusión de tecnología de punta en la Argentina:El caso de las maquinas herramientas con control numérico, el CAD/CAM y los robots
773 0# - HOST ITEM ENTRY
Title Desarrollo económico
Related parts - Vol. 24, Nº 96 (ene./mar. 1985)
Record control number REV1174

No hay ítems disponibles.